Analytické a fysikální metody ve výzkumu plastů a pryskyřic : [sborník referátů 2. celost. konference] Pardubice, červen-červenec 1971 : sekce E, F, G, H
Saved in:
| Corporate Authors | , |
|---|---|
| Format | Book |
| Language | Czech Slovak |
| Published |
Pardubice :
Dům techniky ČVTS,
1971
|
| Subjects | |
| Physical Description | xii, 246-593, s. : il. ; 20 cm |
Cover
| LEADER | 00000cam a2200000 4500 | ||
|---|---|---|---|
| 001 | 50121 | ||
| 003 | CZ-ZlUTB | ||
| 005 | 20190826001313.0 | ||
| 008 | 970424s1971 xr a r 1|0 0 cze | ||
| 035 | |a (OCoLC)42176069 | ||
| 040 | |a ABA001 |b cze |c PNA001 |d ABA001 |d ZLD002 | ||
| 041 | 0 | |a cze |a slo |g rus |g eng | |
| 072 | 7 | |a 678 |x Průmysl makromolekulárních látek. Gumárenský průmysl. Průmysl plastů |2 Konspekt |9 19 | |
| 080 | |a 620.1 |2 MRF | ||
| 080 | |a 54-126 |2 MRF | ||
| 080 | |a 678.5/.8 |2 MRF | ||
| 080 | |a 539.3./9 |2 MRF | ||
| 080 | |a 544.02 |2 MRF | ||
| 080 | |a 543 |2 MRF | ||
| 080 | |a (062.534) |2 MRF | ||
| 111 | 2 | |a Analytické a fysikální metody ve výzkumu plastů pryskyřic |d (1971 : |c Pardubice, Česko) | |
| 245 | 1 | 0 | |a Analytické a fysikální metody ve výzkumu plastů a pryskyřic : |b [sborník referátů 2. celost. konference] Pardubice, červen-červenec 1971 : sekce E, F, G, H |
| 260 | |a Pardubice : |b Dům techniky ČVTS, |c 1971 | ||
| 300 | |a xii, 246-593, s. : |b il. ; |c 20 cm | ||
| 546 | |a Souběž. angl. a rus. obsah, část. slov. text | ||
| 500 | |a 300 výt. | ||
| 550 | |a Spoluvyd. Výzkum. ústav syntetických pryskyřic a laků v Pardubicích | ||
| 504 | |a Obsahuje bibliografie | ||
| 650 | 0 | 7 | |a polymerní materiály |7 ph330252 |2 czenas |
| 650 | 0 | 7 | |a polymery |7 ph124310 |2 czenas |
| 650 | 0 | 7 | |a analytická chemie |7 ph114036 |2 czenas |
| 650 | 0 | 4 | |a instrumentální metody |
| 650 | 0 | 7 | |a struktura materiálů |7 ph137531 |2 czenas |
| 650 | 0 | 7 | |a fyzikální vlastnosti materiálů |7 ph392377 |2 czenas |
| 653 | 0 | |a umělé stárnutí | |
| 653 | 0 | |a morfologie | |
| 655 | 7 | |a sborníky konferencí |7 fd133333 |2 czenas | |
| 710 | 2 | |a Česká vědeckotechnická společnost |7 kn20051125030 | |
| 910 | |a ZLD002 | ||
| 952 | |0 0 |1 0 |4 0 |6 678ANALYTICKÉ |7 0 |8 BOOK |9 89850 |a UTBZL |b UTBZL |c 030 |d 2008-12-11 |l 0 |o 678/ANALYTICKÉ |p 420010121183 |r 2019-08-26 00:00:00 |v 50.00 |w 2019-08-26 |x N:převod - Svit; | 20100831 |y 05 | ||
| 992 | |a BK |b SK | ||
| 999 | |c 50121 |d 50121 | ||